Statistics for Three Most Frequently Played Opponents of Each 2018 FIFA World Cup Team

Click here to take the quiz!

General Stats

  • This quiz has been taken 290 times
  • The average score is 74 of 96

Answer Stats

TeamTimesOpposing Team% Correct
Brazil108Argentina
96%
Uruguay188Argentina
96%
Croatia9Israel / Italy / Slovenia
/ Turkey / Ukraine
96%
Switzerland50Germany /
West Germany
95%
Portugal36Spain
94%
Uruguay76Brazil
93%
Argentina109Brazil
93%
Australia24Japan
93%
Korea Republic88Japan
93%
Argentina188Uruguay
93%
Peru66Uruguay
93%
Brazil76Uruguay
93%
Denmark105Sweden
92%
Belgium30England
91%
France39England
91%
Portugal25Italy
91%
Spain33Italy
91%
Switzerland58Italy
91%
Spain36Portugal
91%
Mexico71United States
91%
Spain34France
90%
Belgium73France
90%
Serbia31France
90%
Portugal25France
90%
Uruguay80Chile
89%
Peru80Chile
89%
Morocco29Egypt / Senegal
89%
Japan88Korea Republic
89%
Iran34Korea Republic
89%
Australia33Korea Republic
89%
Peru63Colombia
87%
Belgium127Netherlands
87%
Germany40Netherlands
87%
Sweden106Norway
87%
Denmark85Norway
87%
Iceland30Norway
87%
England114Scotland
87%
Iran24China PR / Syria
86%
Tunisia47Morocco
86%
Senegal29Morocco
86%
Egypt29Morocco
86%
Colombia45Paraguay / Venezuela
86%
Japan31China PR
85%
Denmark59Finland
84%
Sweden85Finland
84%
Iceland21Denmark
83%
Sweden105Denmark
83%
England102Wales
83%
Morocco34Algeria
81%
Tunisia52Algeria
81%
France73Belgium
81%
Germany38Austria
80%
Mexico53Costa Rica
80%
Panama52Costa Rica
80%
Argentina107Paraguay
79%
Brazil80Paraguay
79%
Australia62New Zealand
78%
Colombia63Peru
78%
Russia27Serbia / Yugoslavia
78%
France38Switzerland
78%
Germany50Switzerland
78%
Morocco47Tunisia
78%
Egypt33Tunisia
78%
Tunisia33Egypt
75%
Serbia36Czech Republic /
Czechoslovakia
74%
Poland34Czech Republic /
Czechoslovakia
74%
Panama45Honduras
74%
Costa Rica60Honduras
74%
Nigeria22Cameroon
71%
Egypt27Cameroon
71%
Colombia48Ecuador
70%
Nigeria50Ghana
69%
England98Northern Ireland
69%
Russia29Turkey
67%
Nigeria26Côte d'Ivoire
65%
Poland33Hungary
64%
Croatia10Hungary
64%
Russia27Hungary
64%
Switzerland46Hungary
64%
Serbia41Romania
60%
Poland37Romania
60%
Saudi Arabia36United Arab Emirates
59%
Panama55El Salvador
58%
Costa Rica63El Salvador
58%
Croatia13Slovakia
57%
Saudi Arabia38Qatar
54%
Mexico40Guatemala
52%
Costa Rica62Guatemala
52%
Saudi Arabia39Kuwait
45%
Iran31Kuwait
45%
Senegal41Mali
36%
Korea Republic75Thailand
33%
Senegal53Guinea
28%
Iceland22Faroe Islands
27%
Korea Republic87Malaysia
24%
Japan35Malaysia
24%

Score Distribution

Percentile by Number Answered

Percent of People with Each Score

Your Score History

You have not taken this quiz